Catalog

Record Details

Catalog Search



The trouble with parents : how to make peace with yours Cover Image Book Book

The trouble with parents : how to make peace with yours edited by Tim Stafford ; designed by Joan Nickerson

Stafford, Tim (Author).

Record details

  • ISBN: 0-310-32961-2
  • Physical Description: 159 p.
  • Edition: 1st ed.
  • Publisher: Grand Rapids, Michigan Zondervan Publishing House 1978

Available copies

  • 1 of 1 copy available at Common Catalog SPOK.

Holds

  • 0 current holds with 1 total copy.
Show All Copies
Location Call Number / Copy Notes Barcode Shelving Location Status Due Date
ETS Library 261.835874 424470003890 Volný výběr Available -

LDR 00717nam a2 00241
00132621
003CZ-PrJAB
00520030623000000.0
008030623s1978 xxu e |||| |eng
009us
020 . ‡a0-310-32961-2
035 . ‡a(CONS)9406
035 . ‡aKPS2719
041 . ‡aeng
08214. ‡a261.835874
100 . ‡7568 ‡aStafford, Tim
245 . ‡aThe trouble with parents : ‡bhow to make peace with yours ‡cedited by Tim Stafford ; designed by Joan Nickerson
250 . ‡a1st ed.
260 . ‡aGrand Rapids, Michigan ‡bZondervan Publishing House ‡c1978
300 . ‡a159 p.
653 . ‡aThe trouble with parents
8524 . ‡bETS ‡bETS ‡cVolný výběr ‡j261.835874 ‡gA ‡p424470003890
910 . ‡aABG450
999 . ‡a9406 ‡bAUTOGEN ‡c9406 ‡tbiblio
905 . ‡uadmin
901 . ‡a32621 ‡b ‡c32621 ‡tbiblio ‡sets

Additional Resources